000 00493nmm a2200169Ia 4500
008 251105s9999||||xx |||||||||||||||||und||
020 _a9788477371472
041 _aspa
100 _aUsunáriz Garayoa, Jesús María
245 0 _aHistoria breve de Navarra
264 _a[Madrid, España] :
_bSílex Ediciones,
_c2007
300 _a362 páginas
490 _aSerie Historia
650 _aHistory of Europe: Spain
856 _uhttps://public.digitaliapublishing.com/a/1347
942 _cCF
999 _c85332
_d85332